Kadra reprezentacji na mecze z Węgrami, Andorą i Anglią. - Statystyki

Ogólne statystyki
  • Ten quiz został rozwiązany 120 razy
  • Średni wynik to 29 z 35
Statystyki odpowiedzi
Aktualny Klub Piłkarz % Poprawnych
Benevento Glik
100%
Bayern Monachium Lewandowski
100%
Juventus Szczęsny
100%
Lokomotiv Krychowiak
99%
Olympique Marsylia Milik
99%
Napoli Zieliński
99%
West Ham Fabiański
97%
Hertha Berlin Piątek
97%
Southampton Bednarek
96%
Leeds Klich
95%
Fiorentina Drągowski
93%
Sampdoria Bereszyński
92%
Fortuna Dusseldorf Kownacki
92%
Bologna Skorupski
92%
Brighton Moder
91%
Lokomotiv Rybus
91%
PAOK Saloniki Świderski
91%
Dynamo Kijów Kędziora
90%
Dynamo Moskwa Szymański
90%
Derby County Jóźwiak
89%
Torino Linetty
89%
West Brom Grosicki
85%
Norwich Płacheta
81%
Barnsley Helik
80%
Brighton Karbownik
78%
Hellas Dawidowicz
77%
Pogoń Szczecin Kozłowski
68%
Lech Poznań Puchacz
67%
Crotone Reca
66%
Raków Częstochowa Piątkowski
65%
Cagliari Walukiewicz
62%
Legia Warszawa Kapustka
61%
Ural Augustyniak
51%
Legia Warszawa Slisz
48%
Pogoń Szczecin Kowalczyk
41%
Nie znaleziono quizów pasujących do podanych kryteriów
Rozkład punktacji
Procent ludzi z każdym wynikiem
Percentyl według liczby udzielonych odpowiedzi
Twoja historia wyników
Nie rozwiązałeś tego quizu